000 01039nam a2200229 a 4500
001 BRCA_214
005 20190320202924.0
008 890809r19881828mx-#---###---#001-0#spa-#
040 _aDLC
_cDLC
_dDLC
050 4 _aF1226
_b.B53 1988
100 1 _aBustamante, Carlos María de
_d1774-1848
_9555
245 1 0 _aCampañas del general D. Félix María Calleja, comandante en jefe del ejército real de operaciones llamado del centro
_cCarlos María de Bustamante ; prólogo de Ernesto Lemoine ; presentación Francisco de Antuñano Maurer.
260 _aMéxico
_bBiblioteca Mexicana de la Fundación Miguel Alemán
_c1988
300 _a1 v. (en varias paginaciones)
_c20 cm.
500 _aTítulo del lomo: Campañas
500 _aFacsímil de: México, 1928
500 _aIncluye nota cronológica del Virrey Calleja
600 1 4 _aCalleja del Rey, Félix María
_cConde de Calderón
_d1755-1828
_9744
651 4 _aMéxico
_xHistoria
_yGuerra de Independencia, 1810-1821
_9745
700 1 _aAntuñano Maurer, Francisco de
_9746
942 _2lcc
_cB
999 _c175
_d175